000
00236nam a22000857a 4500
008
160624b xxu||||| |||| 00| 0 eng d
100
_9
1070
_a
Paterson, R
245
_a
The Continuing Heartery for China
260
_a
ENG
_b
Sovereign World Ltd
_c
1999
999
_c
856
_d
856